000 00338nam a2200109Ia 4500
008 171211s9999 xx 000 0 und d
245 _aDrupal Development Tricks for Designers
245 _cDani Nordin
260 _c2012
650 _xIT eBOOKS
856 _uhttp://down.ebook777.com/020/Drupal%20Development%20Tricks%20for%20Designers.pdf
999 _c349850
_d349850